| 000 | 01083nmm a2200301 a 4500 | ||
|---|---|---|---|
| 001 | ocm0001299377 | ||
| 003 | TR-IsHL | ||
| 005 | 20201028161807.0 | ||
| 008 | 160715s2009 tu tur | ||
| 007 | cr cn | ||
| 020 | _a9789944122665 | ||
| 035 |
_a1299377 _b(N$T) |
||
| 050 | 0 | 4 |
_aQC981.8.G56 _bN43 2009 |
| 090 | 0 | 4 |
_aQC981.8.G56 _bN43 2009 |
| 100 | 1 | _aNeale, Jonathan | |
| 245 | 1 | 0 |
_aKüresel ısınmayı durduralım, dünyayı değiştirelim _h[electronic resource] / _cJonathan Neale ; çeviren Doğan Tarkan |
| 260 |
_aİstanbul : _bYordam Kitap, _c2009 |
||
| 300 | _a337 p. | ||
| 650 | 4 | _aTarım ve Biyoloji | |
| 650 | 4 | _aAgricultural and Biological Sciences | |
| 650 | 0 |
_aKüresel ısınma _xSiyasi açıdan. |
|
| 650 | 0 |
_aGlobal warming _xPolitical aspects. |
|
| 650 | 0 |
_aKüresel ısınma _xÖnleme. |
|
| 650 | 0 |
_aGlobal warming _xPrevention. |
|
| 650 | 7 |
_aSCIENCE / Earth Sciences / Meteorology & Climatology _2bisacsh |
|
| 700 | 1 | _aTarkan, Doğan | |
| 856 | 4 | 0 | _uhttp://search.ebscohost.com/login.aspx?direct=true&scope=site&db=e011xww&AN=1299377 |
| 999 |
_c14341 _d14341 |
||